000 00287nam a2200133Ia 4500
100 _aBurghardt/Axelrod
942 _cBK
654 _aOil
245 _aDomestic & Commercial Oil Burners
260 _bHandbook Publishers
_c2001
082 _a621.8
300 _a405
546 _aENGLISH
999 _c30209
_d30209